ნაძვების მკვლელი = Tannenmurder : (ბიბ.ჩანაწერი № 60646)
[ მარტივი ფორმატი ]
| 000 -ლიდერი | |
|---|---|
| ფიქსირებული სიგრძის საკონტროლო ველი | 00819nam a22001937a 4500 |
| 003 - საკონტროლო ნომრის იდენტიფიკატორი | |
| საკონტროლო ველი | Ge_BSU |
| 005 - ბოლო ოპერაციის თარიღი და დრო | |
| საკონტროლო ველი | 20230928160359.0 |
| 008 - ფიქსირებული სიგრძის მონაცემთა ელემენტები - ზოგადი ინფორმაცია | |
| ფიქსირებული სიგრძის საკონტროლო ველი | 230928s2013 ge ||||| |||| 00| 0 geo d |
| 020 ## - წიგნის საერთაშორისო სტანდარტული ნომერი | |
| International Standard Book Number | 9789941221743 |
| 041 ## - ენის კოდი | |
| Language code of text/sound track or separate title | geo |
| 080 ## - უნივერსალური ათობითი კლასიფიკაციის ინდექსი | |
| Universal Decimal Classification number | 821.112.2-32 რ-75 |
| 100 ## - მთავარი ჩანაწერი - პიროვნების სახელი | |
| Personal name | როთფუსი, ული |
| 9 (RLIN) | 19942 |
| 245 ## - ცნობა სათაურის შესახებ | |
| Title | ნაძვების მკვლელი = Tannenmurder : |
| Remainder of title | [მოთხრობა] / |
| Statement of responsibility, etc | ული როთფუსი ; გერმ. თარგმნა ლულუ დადიანმა. |
| 264 ## - წარმოების, გამოცემის, დისტრიბუციის და სხვა ცნობები | |
| გამოცემის, წარმოების, დისტრიბუციის... ადგილი | თბილისი : |
| გამოცემის, წარმოების, დისტრიბუციის... სახელწოდება | უნივერსალი, |
| გამოცემის, წარმოების, დისტრიბუციის... თარიღი | 2013. |
| 300 ## - ფიზიკური აღწერა | |
| Extent | 32 გვ. ; |
| Other physical details | 21 სმ. |
| 500 ## - ზოგადი შენიშვნა | |
| General note | პარალ. თავფ. გერმ. |
| 700 ## - ADDED ENTRY--PERSONAL NAME | |
| Personal name | დადიანი, ლულუ |
| Relator term | მთარგმნელი |
| 9 (RLIN) | 19954 |
| 942 ## - ADDED ENTRY ELEMENTS (KOHA) | |
| Source of classification or shelving scheme | |
| Koha item type | წიგნი |
